Harry Potter Creatures Quiz Stats

 Plays Quiz not verified by Sporcle

Score 0/10 Timer 10:00
0 Plays Today
Description Creature % Correct
These creatures are bright white with golden hooves and horned heads. Babies are born golden and with no horns. They like to eat sugar lumps.Unicorns
89.4%
These water demons are sickly green with sharp little horns and green teeth. Their fingers are long and strong, but very brittle.Grindylows
87.2%
They look like deformed, shell-less lobsters with no heads or mouths. They are pale and slimy, smell like rotting fish, and have legs sticking out in odd directions. One end shootsBlast Ended Skrewts
85.1%
They have the body, hind legs, and tail of a horse but the front legs, wings, and head of an eagle. They can be grey, bronze, pinkish roan, chestnut, or black.Hippogriffs
83%
These creatures have long fluffy black snouts and flat front paws like spades, and love sparkly things.Nifflers
74.5%
They are one-legged creatures that look like frail and harmless wisps of smoke. They carry lanterns and lure travelers into bogs with the light.Hinkypunks
66%
These pixie-ish creatures are made of wood with knobbly brown arms and legs, flat bark-like faces, and beetle-brown eyes. Their twig-like fingers can gouge out your eyes. They are Bowtruckles
63.8%
These are nasty little goblin-like creatures that lurk wherever there's been bloodshed (castle dungeons, old battlefields) and wait to bludgeon those who've gotten lost.Red Caps
57.4%
They have fairy-like bodies, shiny beetle-like wings, tiny needle-sharp venomous teeth, thick black fur, and four arms.Doxies
46.8%
These creatures live in water, look like scaly monkeys with webbed hands, and strangle waders.Kappas
40.4%

You're not logged in!

Compare scores with friends on all Sporcle quizzes.
OR
Log In

Show Comments

Extras

Created Feb 13, 2012ReportNominate
Tags:Harry Potter Quiz

Top Quizzes Today


Score Distribution

Your Account Isn't Verified!

In order to create a playlist on Sporcle, you need to verify the email address you used during registration. Go to your Sporcle Settings to finish the process.

Report this User

Report this user for behavior that violates our Community Guidelines.

Details: